01575 2200205 4500001002100000005001500021035002000036008004100056245002600097100001400123250000600137260003800143300001200181084001400193082000800207650001000215520112000225990001201345990001201357INLIS00000000000089320240604075237 a0010-0524000128240604 1 ind 1 aAmaranth /cMaria CH. aMaria CH. a1 aYogyakarta :bSheila/ Andi,c2015 a348 hlm a813 MAR a a813 4aFiksi aAku jatuh cinta padanya. Tapi dia tidak cinta padaku." Saat berpisah dengan Armand Dio lebih dari empat tahun yang lalu, Noni tidak pernah berpikir bahwa ia akan bertemu lagi dengan Dio. Dio sendiri telah mengatakan kepada Noni bahwa dia tidak akan kembali ke Indonesia. Saat mereka berpisah, satu-satunya yang diinginkan Noni hanyalah melupakan semua rasa perih yang diakibatkan Dio. Namun empat tahun kemudian, takdir (atau kebetulan?) mempertemukan mereka kembali. Noni, yang masih berstatus sebagai mahasiswi yang tak kunjung jadi sarjana harus menghadapi kenyataan Dio telah menjelma menjadi seorang pelukis yang mulai dikenal di dunia seni rupa. Noni harus memilih, apakah tetap memutuskan hubungan dengan Dio atau apakah mereka bisa mencoba kembali berteman. Apakah ini juga pertanda kesempatan kedua bagi Noni untuk merebut cinta Dio sekali lagi? Mungkin cinta tidak pernah mati, mungkin cinta hanya akan tertidur dan suatu saat ia akan bangun kembali. Tidak semua kesalahan dapat dimaafkan begitu saja. Tidak semua rasa sakit dapat lenyap dengan mudah. Noni lalu menyadari bahwa ia masih mencintai Dio. a0741386 a0741387